00740nam a22001937a 450000500170000001000150001702000270003203500140005903700090007308200140008210000290009624501040012526000350022927000700026430000310033494200280036599900190039395201340041220240626165916.0 aENG-140723 a9789394915954c1980.00 aEN-124255 bDBAD a327.54043 aJain, Rajendra K.96781400aIndia and Germany in a Turbulent World:cBy Rajendra K. JainbPerceptions, Perspectives, Prospects/ aNew DelhibKW Publishersc2023 a4676/21, First Floor, Ansari Road, Daryaganj, bNew Delhie110002 axvi,558p. c24cm(Hb)bill. 2ddccENh327.54043mJAI c203761d203761 001040708NFICaCJbCJd2024-06-26eDBADg1980.00l0o327.54043 JAIpEN-124255r2024-06-26 00:00:00t1v1980.00w2024-06-26yEN